SAT Words HARD Click Quiz - S #25 - Daily Word Quiz! - Statistics

General Stats
  • This quiz has been taken 174 times
  • The average score is 12 of 16
Answer Stats
Hint Answer % Correct
Investor who engages in high risk ventures; or, one who guesses with weak evidence Speculator
90%
Capable of being understood or deciphered Scrutable
88%
Monitor or observe closely; maintain active supervision over a person Surveil
88%
Demonstrating a bashful or self-conscious demeanour Sheepish
86%
Personal discourse; the act of talking to oneself Soliloquy
84%
Include or incorporate something under a broader category or concept Subsume
81%
An assortment of small, unspecified goods or supplies Sundries
80%
East-Asian, flat-bottomed boat used for fishing Sampan
77%
Brief, intense outcry or commotion Squall
76%
Using fine dots or specks for engraving or for producing shading in artwork Stipple
76%
Artful dexterity or clever maneuvering Sleight
75%
Goiter; swelling of the thyroid gland Struma
68%
With constant, unwavering tempo; continuously and always Sempre
66%
Disrupt or interrupt the regular flow, especially or pattern of music or speech; cut short Syncopate
57%
The edge of a woven fabric, usually more tightly wound to prevent fraying Selvage
52%
The analysis of poetic meter and rhythm Scansion
51%
No matching quizzes found
Score Distribution
Percent of People with Each Score
Percentile by Number Answered
Your Score History
You have not taken this quiz